MARC

Tag First Indicator Second Indicator Subfields
LEADER 00000cam a2200000 a 4500
001 in00001230521
005 20151003073013.0
008 921021s1993 nyu b 101 0 eng
010 |a  92038065  
015 |a GB93-48101 
019 |a 29389430 
020 |a 0312091516 
020 |a 0333590341 
035 |a (OCoLC)27034818 
035 |9 AGT7757AM 
040 |a DLC  |c DLC  |d UKM  |d UtOrBLW 
043 |a ee-----  |a ec----- 
049 |a TXAM 
050 0 0 |a HC244  |b .R584 1993 
082 0 0 |a 338.947  |2 20 
245 0 4 |a The Role of competition in economic transition /  |c edited by Christopher T. Saunders. 
264 1 |a New York, N.Y. :  |b St. Martin's Press in association with the Vienna Institute for Comparative Economic Studies,  |c 1993. 
300 |a ix, 245 pages ;  |c 24 cm. 
336 |a text  |b txt  |2 rdacontent 
337 |a unmediated  |b n  |2 rdamedia 
338 |a volume  |b nc  |2 rdacarrier 
490 1 |a European economic interaction and integration ;  |v [14] 
500 |a "Based on Workshop Session XIV held in Mariánské Lázně (Marienbad), CSFR, 1992"--Series title page. 
504 |a Includes bibliographical references and index. 
541 0 |a Donated by Susan Dixon Richardson and Joe C. Richardson, Jr. for the Jayne and William H. Mobley Collection in Presidential Studies. 
650 0 |a Post-communism  |z Europe, Eastern  |v Congresses. 
650 0 |a Post-communism  |z Europe, Central  |v Congresses. 
651 0 |a Europe, Eastern  |x Economic policy  |y 1989-  |x Congresses. 
651 0 |a Europe, Central  |x Economic policy  |x Congresses. 
651 4 |a Europe, Eastern  |x Economic policy  |y 1989-  |x Congresses. 
651 4 |a Europe, Central  |x Economic policy  |x Congresses. 
653 0 |a Economic integration 
653 0 |a Eastern Europe 
700 1 |a Saunders, Christopher Thomas. 
710 2 |a Wiener Institut für Internationale Wirtschaftsvergleiche. 
711 2 |a Workshop on East-West European Economic Interaction  |n (14th :  |d 1992 :  |c Mariánské Lázně, Czech Republic) 
830 0 |a European economic interaction and integration ;  |v [14]. 
999 |a MARS 
999 f f |s bd43dd79-d03a-3d21-a473-27bbcd6fcda7  |i 41116236-6d9f-3c6d-9c71-83dc8e3e3045  |t 0 
952 f f |p ric  |a Texas A&M University  |b Rellis Campus  |c Joint Library Facility  |d Remote Storage  |t 0  |e HC244 .R584 1993  |h Library of Congress classification  |i unmediated -- volume  |m A14819733502 
998 f f |a HC244 .R584 1993  |t 0  |l Remote Storage